• 首页
  • 本馆介绍
  • 公告通知
  • 最新文献
  • 馆藏检索
  • 电子资源
  • 读者导购
  • 参考咨询
  • 我的图书馆
  • 登录
  • 详细信息显示
  • 放入我的书架
  • 预约/预借图书
  • 作者相关作品
  • 分类相关作品
  • 丛书相关作品
  • 出版社相关作品

书目信息

  • 表格格式
  • 工作单格式
  • 卡片格式
题名:
原子结构的量子理论
    
 
作者: 斯莱特 著 ;杨朝潢 译
分册: 第一卷  
出版信息: 上海   上海科学技术出版社  1981
页数: 310页
开本: 26cm
丛书名:
单 册:
中图分类: O562.1
科图分类:
主题词: 量子论-原子结构 , 原子结构-量子论
电子资源:
ISBN:
000 00724nam0 2200241 45
001 0181005020
005 20060815081533.18
010    @dCNY2.30
100    @a19950724d1981 emky0chiy0121 ea
101 1  @achi@ceng
102    @aCN@b310000
105    @ay z 000yy
200 10 @a原子结构的量子理论@Ayuan zi jie gou de liang zi li lun@h第一卷@f(美)J·C·斯莱特著@F(mei)J·C·si lai te zhu@g杨朝潢译
210    @a上海@c上海科学技术出版社@d1981
215    @a310页@d26cm
606    @a量子论-原子结构
606    @a原子结构-量子论
690    @aO562.1@v3
701  0 @a斯莱特@Asi lai te@4著
702  0 @a杨朝潢@Ayang chao huang@4译
801  2 @aCN@bNLC@c20060815
801  0 @aCN@b上海图书馆@c20060725
905    @dO562.1@e16:1
    
    原子结构的量子理论.第一卷/(美)J·C·斯莱特著/杨朝潢译.-上海:上海科学技术出版社,1981
    310页;26cm
    
    
    ISBN :CNY2.30
    
●
相关链接 在E读中查询图书 在五车中查询图书 在当当中查询图书 在豆瓣中查询图书


正题名:原子结构的量子理论     索取号:O562.1/16:1         预约/预借

序号 登录号 条形码 馆藏地/架位号 状态 备注
1 0431982   204319825   密集书库/ [索取号:O562.1/16:1] 在馆    
2 0431986   204319861   密集书库/ [索取号:O562.1/16:1] 在馆    
3 0432921   204329217   密集书库/ [索取号:O562.1/16:1] 在馆    
4 0461377   204613775   密集书库/ [索取号:O562.1/16:1] 在馆    
5 0461378   204613784   密集书库/ [索取号:O562.1/16:1] 在馆    
唐山师范学院图书馆 欢迎您!
大连网信软件有限公司© 版权所有